000 00918cam a2200265 a 4500
001 1597169
005 20180310024734.0
008 941012m19951997nyua b 000 0 eng
010 _a 94023644
020 _a1563243105 (hardback : v. 1 : acidfree paper)
020 _a1563243113 (pbk. : v. 1 : acidfree paper)
020 _a1563243121 (hardback : v. 2 : acidfree paper)
020 _a156324313X (pbk. : v. 2 : acidfree paper)
040 _aDLC
_cDLC
_dDLC
041 _aeng
080 _a305.409
082 0 0 _a305.409 HUG
_220
100 1 _a50
101 _aSOC
245 1 0 _aWomen in world history /
_cSarah Shaver Hughes and Brady Hughes.
504 _aIncludes bibliographical references.
906 _a7
_bcbc
_corignew
_d1
_eocip
_f19
_gy-gencatlg
942 _2ddc
_cBK
999 _c44649
_d44649